000
00235nam a2200097Ia 4500
001
709280
005
20250826162543.0
008
250824s9999 xx 000 0 und d
245
0
_a
ŞAKA GİBİ
_c
GÜLDEM ŞAHAN
260
_b
TUDEM YAYINLARI
999
_c
709280
_d
709280